Statistics for Countries closest to the Africa/Asia border

Click here to take the quiz!

General Stats

  • This quiz has been taken 144 times
  • The average score is 23 of 28

Answer Stats

ContinentKm from BorderCountry% Correct
*JetPunk Africa0Egypt
97%
Asia23Saudi Arabia
96%
Asia10Jordan
93%
JetPunk Asia832Turkey
93%
Europe1030Greece
91%
Africa990Sudan
91%
JetPunk Asia885Cyprus
90%
Asia1311Iran
90%
Asia530Iraq
90%
Asia563Lebanon
90%
Asia483Syria
90%
Africa998Libya
87%
Asia2122Yemen
85%
Africa1730Eritrea
81%
Europe1690Bulgaria
80%
Asia1010Kuwait
79%
Asia1510Georgia
78%
Europe2090Albania
77%
Asia1790Armenia
75%
Asia1850Azerbaijan
75%
Europe1650Romania
74%
Africa2095Tunisia
73%
Europe1575Kosovo
72%
Africa1640Chad
69%
Europe1480Serbia
66%
Europe1600Macedonia
65%
Asia2253Bahrain
64%
Asia0Isreal
43%

Score Distribution

Percentile by Number Answered

Percent of People with Each Score

Your Score History

You have not taken this quiz